000 00308nam a2200121Ia 4500
008 190216s9999||||xx |||||||||||||| ||und||
100 _aSaxena H C
245 0 _aExamples In Finite Differences And Numerical Analysis
260 _bS Chand & Co
_c1988
300 _a336p
650 _aMathematics
942 _cBK
999 _c30989
_d30989